000 00679nam a22002417a 4500
003 UA-OsUOA
001 127633
007 ta
008 20171207b un ||||| |||| 00| 0 ukr d
100 _aКоваль Р. М.
090 _a94(477)"1920/1922":929
_bК56
942 _cBK
040 _aUA-OsUOA
_bukr
_cUA-OsUOA
_dUA-OsUOA
245 _aОтаман Орлик
_bісторичний нарис
300 _a384 с.
955 _a2
041 _aukr
080 _a94(477)"1920/1922":929
020 _a978-966-2401-00-4
260 _aК.
_bСтікс
_c2010
650 7 _a9 Географія. Біографії. Історія
_2UDC
999 _c414900
_d414900